| 000 | 00699nam a2200217 a 4500 | ||
|---|---|---|---|
| 999 |
_c10656 _d10656 |
||
| 001 | 10656 | ||
| 003 | BD-JhCC | ||
| 005 | 20220802134022.0 | ||
| 008 | 180804s2018 bg |||| |||| 000 0 ben d | ||
| 020 | _a9789848254004 | ||
| 035 | _a(BD-JhCC)10656 | ||
| 040 |
_aBD-JhCC _dBD-JhCC |
||
| 041 | _aben | ||
| 082 |
_a923.1 _bROH 2018 |
||
| 100 | _aরহমান, হাফিজুর | ||
| 245 |
_aএরদোয়ান : _bদ্যা চেঞ্জমেকার / _cহাফিজুর রহমান, |
||
| 260 |
_aঢাকা : _bগার্ডিয়ান, _c২০১৮. |
||
| 300 |
_a৩০২ পৃ. : _c২২ সেমি. |
||
| 650 | _aBiography | ||
| 942 |
_2ddc _cBK _016 |
||